आर गुप्ता कृत पॉपुलर मास्टर गाइड एल.आई.सी., ए.ए.ओ./सहायक प्रशासनिक अधिकारी परीक्षा / (Record no. 61408)

MARC details
000 -LEADER
fixed length control field 01102 aa a2200217 4500
005 - DATE AND TIME OF LATEST TRANSACTION
control field 20181127120046.0
020 ## - INTERNATIONAL STANDARD BOOK NUMBER
International Standard Book Number
Terms of availability 270.00
035 ## - SYSTEM CONTROL NUMBER
System control number B-234688
035 ## - SYSTEM CONTROL NUMBER
System control number B-234706
035 ## - SYSTEM CONTROL NUMBER
System control number B-234710 B-234713
037 ## - SOURCE OF ACQUISITION
Source of stock number/acquisition DBAD / PUB
082 ## - DEWEY DECIMAL CLASSIFICATION NUMBER
Classification number 000
245 ## - TITLE STATEMENT
Title आर गुप्ता कृत पॉपुलर मास्टर गाइड एल.आई.सी., ए.ए.ओ./सहायक प्रशासनिक अधिकारी परीक्षा /
246 ## - VARYING FORM OF TITLE
Title proper/short title R. Gupta krita popular master guide L.I.C., A.A.O. / sahaayaka praasanika adhikarii
260 ## - PUBLICATION, DISTRIBUTION, ETC. (IMPRINT)
Place of publication, distribution, etc नई दिल्ली
Name of publisher, distributor, etc रमेश पब्लिशिंग हाउस
Date of publication, distribution, etc 2008
270 ## - ADDRESS
Address 12-एच, न्यू दरियागंज रोड, ट्रैफिक कोतवाली के सामने
City नई दिल्ली
State or province दिल्ली
Postal code 110002
300 ## - PHYSICAL DESCRIPTION
Extent वि.पृ.
Dimensions 25सेमी (अजिल्द)
650 ## - SUBJECT ADDED ENTRY--TOPICAL TERM
Topical term or geographic name as entry element सामान्य ज्ञान
650 ## - SUBJECT ADDED ENTRY--TOPICAL TERM
Topical term or geographic name as entry element General kowledge
942 ## - ADDED ENTRY ELEMENTS (KOHA)
Institution code [OBSOLETE] dpl
Item type Hindi Books
Source of classification or shelving scheme Dewey Decimal Classification
Call number suffix आरगु
Classification part 000
Holdings
Withdrawn status Lost status Not for loan Collection code Home library Current library Date acquired Cost, normal purchase price Full call number Barcode Cost, replacement price Koha item type
      Non-fiction R.C.Libraries (zls) R.C.Libraries (zls) 27/11/2018 270.00 000 आरगु B-234713 270.00 Hindi Books
      Non-fiction Sarojini Nagar Sarojini Nagar 24/01/2012 270.00 000 आरगु B-234688 270.00 Hindi Books
      Non-fiction Sarojini Nagar Sarojini Nagar 24/01/2012 270.00 000 आरगु B-234710 270.00 Hindi Books
  Lost and Paid For   Non-fiction Sarojini Nagar Sarojini Nagar 24/01/2012 270.00 000 आरगु B-234706 270.00 Hindi Books

© Delhi Public Library
Hit Counter
free hit counter